| 000 | 00864nam a2200289Ia 4500 | ||
|---|---|---|---|
| 003 | OSt | ||
| 005 | 20221007121740.0 | ||
| 006 | a|||||r|||| 00| 0 | ||
| 007 | ta | ||
| 008 | 221006b |||||||| |||| 00| 0 eng d | ||
| 020 |
_a8121101557 (hbd) _cRs.650.00 |
||
| 024 | _a7066 | ||
| 037 |
_bBishen, _cTextual |
||
| 040 |
_aBDL _cBDL _beng |
||
| 041 |
_2eng _aeng |
||
| 082 | _aJ748:915.2, N9 | ||
| 100 |
_aBisen S S _9712851 |
||
| 245 | 0 | _aIdentification and classification of Indian bamboos: SEM atlas of epidermis | |
| 260 |
_aDehra _bDun Bishen Singh Mahendra Pal Singh _c1999 |
||
| 300 |
_a200p _ccm. |
||
| 500 | _aBibliography 197-200p | ||
| 650 |
_a Classification _9229842 |
||
| 650 |
_a Indian Bamboos _9712852 |
||
| 650 | _aAgriculture | ||
| 942 |
_hJ748:915.2, N9 _cTEXL _2CC |
||
| 999 |
_c1209289 _d1209289 |
||